Troubled pasts (Record no. 27571)
[ view plain ]
| 000 -LEADER | |
|---|---|
| fixed length control field | 01871nam a22004814a 4500 |
| 082 04 - DEWEY DECIMAL CLASSIFICATION NUMBER | |
| Classification number | 361.10973 |
| 100 1# - MAIN ENTRY--AUTHOR NAME | |
| Personal name | Edy, Jill A., |
| 245 10 - TITLE STATEMENT | |
| Title | Troubled pasts |
| 260 ## - PUBLICATION, DISTRIBUTION, ETC. (IMPRINT) | |
| Place of publication | Philadelphia : |
| Name of publisher | Temple University Press, |
| Year of publication | 2006. |
| 300 ## - PHYSICAL DESCRIPTION | |
| Number of Pages | viii, 230 p. |
| 650 #0 - SUBJECT ADDED ENTRY--TOPICAL TERM | |
| Topical Term | Long-term memory |
| Topical Term | Riots |
| Topical Term | Social change |
| Topical Term | Social movements |
| Topical Term | Social problems in mass media. |
| Topical Term | Social problems |
| 856 40 - ELECTRONIC LOCATION AND ACCESS | |
| Uniform Resource Identifier | http://site.ebrary.com/lib/rucke/Doc?id=10227051 |
No items available.
